Manuale concionatorum confessariorum et pastorum, sive, Thesaurus selectissimarum S. Scripturae et SS. Patrum sententiarum per locas communes ordine alphabetico digestus, ac varia ad formandus christiani hominis mores eruditiones refectus / authore R. F. Didaco Alvarez

Detalles Bibliográficos
Autor principal: Álvarez, Diego
Formato: Libro
Lenguaje:Undetermined
Latin
Publicado: Herbipoli : apud Wilhelmum Demenium, 1656.
Edición:Editio altera
Materias:
Colección:Banco de datos
Acervo:Biblioteca Palafoxiana. Colección bibliográfica
Descripción Física:[14], 1186, [40], 43 p. ; 4°
Tema general:Pastoral
Notas:Incluye dos portada, una es arquitectónica y tiene como pie de imprenta Coloniae Agripinae: apud Michaelem Demenium anno M.DC.XXXXXV, para la catalogación se tomó en cuenta el pie de imprenta de la segunda. Marca de fuego: Colegio de San Juan. Daños en la
LEADER 01012nam a2200181Ia 4500
008 150723s9999 xx 000 0 und d
041 0 |a lat 
050 0 |a PAFX BV4020 A5 1656 
100 1 |a Álvarez, Diego 
245 1 0 |a Manuale concionatorum confessariorum et pastorum, sive, Thesaurus selectissimarum S. Scripturae et SS. Patrum sententiarum per locas communes ordine alphabetico digestus, ac varia ad formandus christiani hominis mores eruditiones refectus / authore R. F. Didaco Alvarez 
250 |a Editio altera 
260 |a Herbipoli : apud Wilhelmum Demenium, 1656. 
300 |a [14], 1186, [40], 43 p. ; 4° 
500 |a Incluye dos portada, una es arquitectónica y tiene como pie de imprenta Coloniae Agripinae: apud Michaelem Demenium anno M.DC.XXXXXV, para la catalogación se tomó en cuenta el pie de imprenta de la segunda. Marca de fuego: Colegio de San Juan. Daños en la 
650 1 0 |a Pastoral 
942 |c PALALIB 
943 |g Biblioteca Palafoxiana. Colección bibliográfica 
999 |c 1056964  |d 1056964